Names of Broadway Theaters Quiz Stats

 Plays Quiz not verified by Sporcle

Score 0/40 Timer 12:00
0 Plays Today
Hint Answer % Correct
WickedGershwin
77.4%
Dear Evan HansenMusic Box
74.2%
School of RockWinter Garden
74.2%
ChicagoAmbassador
67.7%
Miss SaigonBroadway
67.7%
The Book of MormonEugene O'Neil
64.5%
The Phantom of the OperaMajestic
64.5%
War PaintNederlander
64.5%
HamiltonRichard Rogers
64.5%
Kinky BootsAl Hirschfeld
61.3%
Time and the ConwaysAmerican Airlines
61.3%
Once on This IslandCircle in the Square
61.3%
BeautifulStephen Sondheim
61.3%
Spongebob SquarePantsPalace
58.1%
Groundhog DayAugust Wilson
54.8%
AnastasiaBroadhurst
54.8%
Natasha, Pierre, and the Great Comet of 1812Imperial
54.8%
The Lion KingMinskoff
54.8%
WaitressBrooks Atkinson Theatre
51.6%
Charlie and the Chocolate FactoryLunt-Fontanne
51.6%
Hint Answer % Correct
AladdinNew Amsterdam
51.6%
Hello, Dolly!Shubert Theatre
51.6%
Harry Potter and the Cursed ChildLyric
48.4%
Escape to MargaritavilleMarquis
48.4%
CatsNeil Simon
48.4%
FrozenSt James
48.4%
Springsteen on BroadwayWalter Kerr
48.4%
Come From AwayGerald Schoenfeld
41.9%
BandstandBernard B Jacobs
38.7%
The Band's VisitEthel Barrymore
38.7%
The Play that Goes WrongLyceum
38.7%
The Terms of My SurrenderBelasco
35.5%
Meteor ShowerBooth
35.5%
Lobby HeroHelen Hayes
29%
1984Hudson
29%
M. ButterflyCort Theatre
25.8%
A Bronx TaleLongacre
25.8%
Prince of BroadwaySamuel J Friedman
25.8%
A Doll's House, Part 2John Golden
22.6%
Junk: The Golden Age of DebtVivian Beaumount
6.5%

You're not logged in!

Compare scores with friends on all Sporcle quizzes.
OR
Log In

Sporcle TV

Today on Sporcle TV


Watch our educational content, quiz creation guides, and fun videos on Sporcle TV.

Show Comments

Extras

Created Aug 29, 2017ReportNominate
Tags:Broadway Quiz, On Broadway

Top Quizzes Today


Score Distribution

Your Account Isn't Verified!

In order to create a playlist on Sporcle, you need to verify the email address you used during registration. Go to your Sporcle Settings to finish the process.

Report this User

Report this user for behavior that violates our Community Guidelines.

Details: